000
00292 a2200133 4500
001
75911
082
_a
297 ALO
090
_c
39130
_d
39130
100
_a
Alou
245
_a
Islamiat Compulsory
_h
Urdu
260
_a
Lahore
_b
1995
_c
Jadeed Book Depot
300
_a
277p
500
_a
CFT Textbook
942
_a
CAE NUST
_k
297 AHM
999
_c
310984
_d
310984